| 000 | 01233nam a2200241Ia 4500 | ||
|---|---|---|---|
| 999 |
_c43756 _d43756 |
||
| 001 | 10501 | ||
| 003 | GE_BSU | ||
| 005 | 20250606151931.0 | ||
| 008 | 181216s2006||||ge |||||||||||||| ||geo|| | ||
| 020 | _a9994041002 | ||
| 040 | _cGE_BSU | ||
| 041 | _ageo | ||
| 080 | _a811.111(075.4)+811.111-88(085) ა–85 | ||
| 100 |
_aარჩვაძე, მანანა _9972 |
||
| 245 |
_aთემატური ტექსტები ინგლისურ და ქართულ ენებზე = Selected topics in english and georgian : _bდიდი ბრიტანეთისა და ჩრდილოეთ ირლანდიის შეერთებული სამეფო / _cმანანა არჩვაძე; [რედ. მადონა შელია]. |
||
| 264 |
_aთბილისი : _bცოტნე, _c2006. |
||
| 300 |
_a288 გვ. _b20 სმ. |
||
| 500 | _a გარეკანზე სათ.: თემატური ტექსტები: დიდი ბრიტანეთი. | ||
| 501 | _a ტექსტი ქართ., ინგლ. ენ. | ||
| 541 | _h7ლ.50თ. | ||
| 653 | _a ინგლისური ენა | ||
| 942 |
_cBK _2udc |
||